International who's who 1975-76, 1977-78, 1982-83, 1984-85 (Record no. 27802)
[ view plain ]
| 000 -LEADER | |
|---|---|
| fixed length control field | 00291nam a2200109Ia 4500 |
| 082 ## - DEWEY DECIMAL CLASSIFICATION NUMBER | |
| Classification number | 929(100) |
| Item number | INT |
| 245 #0 - TITLE STATEMENT | |
| Title | International who's who 1975-76, 1977-78, 1982-83, 1984-85 |
| 250 ## - EDITION STATEMENT | |
| Edition statement | Ed.48 |
| 260 ## - PUBLICATION, DISTRIBUTION, ETC. (IMPRINT) | |
| Place of publication | London |
| Name of publisher | Europa |
| Year of publication | 1984 |
| 942 ## - ADDED ENTRY ELEMENTS (KOHA) | |
| Koha item type | Books |
| Withdrawn status | Lost status | Damaged status | Not for loan | Home library | Current library | Date acquired | Cost, normal purchase price | Full call number | Accession Number | Koha item type |
|---|---|---|---|---|---|---|---|---|---|---|
| Weed out | RRII Library | RRII Library | 16/12/2021 | 853.20 | 929(100) INT | 08418 | Books |